| 000 | 01084cam a22003014a 4500 | ||
|---|---|---|---|
| 003 | OSt | ||
| 005 | 20140310182432.0 | ||
| 008 | 100622s2011 nyua f 001 0 eng | ||
| 010 | _a 2010026613 | ||
| 020 | _a9780071634755 (pbk.) | ||
| 020 | _a0071634754 (pbk.) | ||
| 050 | 0 | 0 |
_aRM 302 _b.C46 2011 |
| 100 | 1 |
_aChoe, Jae Y., _d1939- _98225 |
|
| 245 | 1 | 0 |
_aDrug actions and interactions / _cJae Y. Choe |
| 260 |
_aNew York : _bMcGraw-Hill Medical, _cc2011. |
||
| 300 |
_axxxiv, 734 p. : _bill. (some col.) ; _c23 cm. |
||
| 500 | _aIncludes index. | ||
| 541 | _j1 | ||
| 562 | _eFor Circulation. 1 Copy Available in the Collection | ||
| 650 | 0 |
_aDrug interactions. _97298 |
|
| 650 | 0 |
_aDrugs _xPhysiological effect. _98226 |
|
| 650 | 0 |
_aDrugs _xSide effects. _98227 |
|
| 650 | 1 | 2 |
_aPharmacological Phenomena _vHandbooks. _98228 |
| 650 | 2 | 2 |
_aDrug Interactions _vHandbooks. _98229 |
| 650 | 2 | 2 |
_aPharmaceutical Preparations _xadverse effects _vHandbooks. _98230 |
| 856 | 4 | 1 |
_3Table of contents only _uhttp://www.loc.gov/catdir/toc/fy12pdf01/2010026613.html |
| 942 |
_2lcc _cSSLC |
||
| 999 |
_c13400 _d13400 |
||